00827 2200301 4500001002100000005001500021035002500036007000300061008004100064020002200105040001700127082001500144084001700159090002100176090002200197100001800219245005700237250001100294260004700305300003100352504003400383650001300417700001700430850001200447999002200459990002200481990002200503INLIS00000000002976320200722013524 a0010-071700000000933ta170728s2015 yoi g ind d a978-602-1546-23-9 aYOPDYOGbind04222a121.68 a121.68 JOK w aDEP 121.68 JOK w aCB-D.11 2015-24950 aJoko Siswanto00aWhat is hermeneutics? /cJoko Siswanto, Nana Sutikna aCet. 13 aYogyakarta :bLintang Pustaka Utama,c2015 aviii, 224 halaman ;c21 cm aBibliografi : halaman 216-224 4aFilsafat0 aNana Sutikna aYOPDYOG aCB-D.11/2015-2495 aCB-D.11/2015-2495 aCB-D.11/2015-2495